Exclusivité Nintendo: Mort Subite - Statistiques

Statistiques générales
  • Ce quiz a été pris 453 fois
  • Le résultat moyen est 6 sur 20
Answers on the Grid
Answers color-coded by a green-red scale on the quiz's grid according to % correct below.
Octopath Traveler
Bayonetta 2
Rhythm Paradise Megamix
Rayman Legends
The Last Story
Professeur Layton: Le Destin Perdu
Kingdom Hearts Dream Drop Distance
The Legend of Zelda: The Wind Waker
Banjo-Pilot
Prince of Persia : Les Sables Oubliés
Conker's Bad Fur Day
Pokémon Or
Chrono Trigger
Super Mario World 2: Yoshi's Island
Wave Race
Resident Evil 4
51 Worldwide Games
Sonic Boom : L'Ascension de Lyric
Harry Potter et la Chambre des Secrets
Fantasy Life
Xenoblade Chronicles
GoldenEye 007
Animal Crossing: Wild World
Kirby Air Ride
Megaman X
Golden Sun
Lylat Wars
Final Fantasy III
Kid Icarus
Kirby Super Star
 
Statistiques - réponses
Réponse % Correct
Pokémon Or
66%
The Legend of Zelda: The Wind Waker
58%
Super Mario World 2: Yoshi's Island
56%
Kirby Super Star
55%
Kirby Air Ride
51%
Animal Crossing: Wild World
49%
Professeur Layton: Le Destin Perdu
41%
Xenoblade Chronicles
37%
Kid Icarus
32%
51 Worldwide Games
22%
Bayonetta 2
22%
Sonic Boom : L'Ascension de Lyric
17%
Fantasy Life
13%
Golden Sun
13%
Rhythm Paradise Megamix
13%
Conker's Bad Fur Day
12%
Lylat Wars
11%
Banjo-Pilot
8%
The Last Story
6%
Wave Race
6%
Aucun quiz correspondant
Distribution des résultats
% des personnes avec chaque résultat
Percentile par nombre de réponses
Votre historique - résultats
Vous n’avez pas pris ce quiz